A guide for the use of officers of the Inspector-General's Department, 1908. (Record no. 92131)
[ view plain ]
| 000 -LEADER | |
|---|---|
| fixed length control field | 01055cam a22002531 4500 |
| 001 - CONTROL NUMBER | |
| control field | war09000041 |
| 003 - CONTROL NUMBER IDENTIFIER | |
| control field | DLC |
| 005 - DATE AND TIME OF LATEST TRANSACTION | |
| control field | 20260227112809.0 |
| 007 - PHYSICAL DESCRIPTION FIXED FIELD--GENERAL INFORMATION | |
| fixed length control field | cr_||||||||||| |
| 008 - FIXED-LENGTH DATA ELEMENTS--GENERAL INFORMATION | |
| fixed length control field | 770321s1908 dcu f000 0 eng c |
| 010 ## - LIBRARY OF CONGRESS CONTROL NUMBER | |
| LC control number | war09000041 |
| 035 ## - SYSTEM CONTROL NUMBER | |
| System control number | (OCoLC)2822570 |
| 040 ## - CATALOGING SOURCE | |
| Original cataloging agency | Library, Military Information Division |
| Transcribing agency | ODa |
| Modifying agency | OCoLC |
| -- | DLC |
| 042 ## - AUTHENTICATION CODE | |
| Authentication code | premarc |
| 050 00 - LIBRARY OF CONGRESS CALL NUMBER | |
| Classification number | UB243 |
| Item number | .A5 1908 |
| 110 1# - MAIN ENTRY--CORPORATE NAME | |
| Corporate name or jurisdiction name as entry element | United States. |
| Subordinate unit | War Department. |
| -- | Inspector General's Office. |
| 245 12 - TITLE STATEMENT | |
| Title | A guide for the use of officers of the Inspector-General's Department, 1908. |
| Statement of responsibility, etc. | Prepared under direction of the Inspector-General of the Army. Published by authority of the Secretary of War. (Revised to include August 31, 1908) |
| 260 ## - PUBLICATION, DISTRIBUTION, ETC. | |
| Place of publication, distribution, etc. | Washington, |
| Name of publisher, distributor, etc. | Govt. Print. Off., |
| Date of publication, distribution, etc. | 1908. |
| 300 ## - PHYSICAL DESCRIPTION | |
| Extent | 289 p. |
| Dimensions | 20 cm. |
| 500 ## - GENERAL NOTE | |
| General note | On verso of t.p.: War Dept., Document no. 333. |
| 530 ## - ADDITIONAL PHYSICAL FORM AVAILABLE NOTE | |
| Additional physical form available note | Also available in digital form on the Internet Archive Web site. |
| 610 10 - SUBJECT ADDED ENTRY--CORPORATE NAME | |
| Corporate name or jurisdiction name as entry element | United States. |
| Subordinate unit | Army |
| General subdivision | Inspection. |
| 856 41 - ELECTRONIC LOCATION AND ACCESS | |
| Uniform Resource Identifier | <a href="http://hdl.loc.gov/loc.gdc/scd0001.00115211882">http://hdl.loc.gov/loc.gdc/scd0001.00115211882</a> |
No items available.